Culture Générale - Série 2390 - Statistiques

Statistiques générales
  • Ce quiz a été pris 113 fois
  • Le résultat moyen est 6 sur 10
Statistiques - réponses
Question Réponse % Correct
Quelle est la capitale de l'Uruguay ? Montevideo
87%
Quel anglicisme désigne une sorte de sandwich souvent utilisé dans le milieu de restauration rapide et fait d'une galette fine enroulée autour d'une garniture ? - 4 lettres commençant par " w " wrap
77%
Guide de haute montagne ou porteur, dans l'Himalaya sherpa
75%
Jeu d’adresse composé d’une tige souvent en bois reliée par une cordelette à une boule percée d’un ou de plusieurs trous d’un diamètre ajusté à la tige . bilboquet
70%
Dans quel sport s'est illustré Ivan Lendl ? tennis
70%
De quel pays Paramaribo est-il la capitale ? Suriname
69%
Quel animal est le tacaud ? poisson
48%
De quel pays est originaire le style musical appelé "ska", apparu à la fin des années 1950 ? Jamaïque
41%
Ustensile de cuisine en fer ou en cuivre jaune, que l'on place sous la broche à rôtir d'un four ou d'une rôtissoire, pour recevoir le jus et la graisse des viandes au cours de la cuisson - voir photo lèchefrite
26%
A partir des années 1920, quelle « coopérative de production » soviétique a été remplacée par le kolkhoze ? artel
3%
Aucun quiz correspondant
Distribution des résultats
% des personnes avec chaque résultat
Percentile par nombre de réponses
Votre historique - résultats
Vous n’avez pas pris ce quiz